00382nam a2200145Ia 4500008004100000020001500041041001200056100001600068245007000084250000800154260004000162300000800202650000800210700001800218221030s9999 xx 000 0 und d a0070702400 aEnglish aJ. D. Kraus 0aElectromagnetics With Applicationscby J. D. Kraus, D. A. Fleisch a5th bMcGraw - Hill Pub.aNew Delhic2011 a617 aEMT aD. A. Fleisch